Every player to have a 50-40-90 season - Statistics

General Stats
  • This quiz has been taken 5 times
  • The average score is 7 of 9
Answer Stats
Hint Answer % Correct
DAL Dirk Nowitzki
100%
OKC Kevin Durant
100%
BOS Larry Bird
100%
GSW Stephen Curry
100%
BKN Kyrie Irving
80%
IND Reggie Miller
80%
PHX Steve Nash
80%
CLE Mark Price
40%
MIL Malcolm Brogdon
20%
No matching quizzes found
Score Distribution
Percent of People with Each Score
Percentile by Number Answered
Your Score History
You have not taken this quiz